| 000 | 01484nam a2200253 a 4500 | ||
|---|---|---|---|
| 001 | 000026465 | ||
| 005 | 20200930030234.0 | ||
| 008 | 110318s1986 ag a r 000 0 spa d | ||
| 040 |
_aDO-SdBNP _bspa _cBNPHU |
||
| 041 | 1 | 7 |
_aspa _heng _2Código de idioma MARC |
| 082 |
_axxx _bG795p |
||
| 100 | 1 |
_aGreen, Thomas F. _953526 |
|
| 240 | 1 | 0 |
_aPredicting the behavior of the educational system _lEspañol. |
| 245 | 1 | 0 |
_aPronosticando el comportamiento del sistema educativo / _cThomas F. Green ; con la colaboración de David P. Ericson y de Robert H. Seidman ; versión española de Julio Lizaranzu y Ana Patricia García. |
| 260 |
_aMéxico, D. F. : _bNoemas Editores, _c1986. |
||
| 300 |
_a282, [6] p. : _bil. ; _c21 cm. |
||
| 500 | _aIncluye referencias bibliográficas y notas al pie de las páginas. | ||
| 500 | _aIncluye apéndices (p. 246-278) | ||
| 505 | 0 | _aEl sistema educacional: elementos -- El sistema educativo: control -- El sistema educativo: distribución -- El sistema educativo: principios jerárquicos -- El sistema educativo: jerarquías del status -- El sistema en movimiento -- La dialéctica de dos principios: mejor e igual -- Argumentos de bendiciones públicos y privados: apoyo político para el sistema -- Reconsideraciones y desviaciones | |
| 534 |
_aTítulo de la obra original en inglés: _tPredicting the behavior of the educational system. |
||
| 700 | 1 |
_aLizaranzu, Julio _etr. _953527 |
|
| 700 | 1 |
_aGarcía, Ana Patricia _etr. _953528 |
|
| 049 | _aBNGR | ||
| 999 |
_c25957 _d25957 |
||